ՀՀ Գիտությունների ազգային ակադեմիայի հիմնարար գիտական գրադարան  =   Fundamental Scientific Library of NAS RA

Вопросы единой теории электромагнитного и гравитационно-инерциального полей / (Record no. 394046)

MARC details
000 -LEADER
fixed length control field 00957nam a2200217 a 4500
001 - CONTROL NUMBER
control field 000267373
003 - CONTROL NUMBER IDENTIFIER
control field AM-YeHGA
005 - DATE AND TIME OF LATEST TRANSACTION
control field 20250618074747.0
008 - FIXED-LENGTH DATA ELEMENTS--GENERAL INFORMATION
fixed length control field 030930s1959 ai ||||gr|||||||||0|rus|d
040 ## - CATALOGING SOURCE
Original cataloging agency AM-YeHGA
041 0# - LANGUAGE CODE
Language code of text/sound track or separate title rus
090 ## - LOCALLY ASSIGNED LC-TYPE CALL NUMBER (OCLC); LOCAL CALL NUMBER (RLIN)
-- 396080
100 1# - MAIN ENTRY--PERSONAL NAME
Personal name Իոսիֆյան, Անդրոնիկ Ղևոնդի,
Dates associated with a name 1905-1993
9 (RLIN) 3475
245 10 - TITLE STATEMENT
Title Вопросы единой теории электромагнитного и гравитационно-инерциального полей /
Statement of responsibility, etc. А.Г. Иосифьян ; АН АрмССР.
246 31 - VARYING FORM OF TITLE
Title proper/short title Էլեկտրոմագնիսական և գրավիտացիոն-իներցիոն դաշտի միասնական թեորիայի հարցերը
260 ## - PUBLICATION, DISTRIBUTION, ETC.
Place of publication, distribution, etc. Ереван :
Name of publisher, distributor, etc. Изд-во АН АрмССР,
Date of publication, distribution, etc. 1959.
300 ## - PHYSICAL DESCRIPTION
Extent 32 с. :
Other physical details табл. ;
Dimensions 25 см.
650 14 - SUBJECT ADDED ENTRY--TOPICAL TERM
Topical term or geographic name entry element Физика
General subdivision Гравитация
710 2# - ADDED ENTRY--CORPORATE NAME
Corporate name or jurisdiction name as entry element Академия наук Армянской ССР
942 ## - ADDED ENTRY ELEMENTS (KOHA)
Source of classification or shelving scheme Universal Decimal Classification
Koha item type Գրքեր / Books
Holdings
Withdrawn status Lost status Source of classification or shelving scheme Damaged status Not for loan Collection Home library Current library Date acquired Total checkouts Full call number Barcode Date last seen Price effective from Koha item type Public note
    Universal Decimal Classification     General Fundamental Scientific Library Fundamental Scientific Library 03/11/2017   PIII/1069 FL0465389 03/11/2017 03/11/2017 Գրքեր / Books 30 Days Loan
    Universal Decimal Classification     General Fundamental Scientific Library Fundamental Scientific Library 03/11/2017   PIII/1068 FL0465388 03/11/2017 03/11/2017 Գրքեր / Books 30 Days Loan
    Universal Decimal Classification     General Fundamental Scientific Library Fundamental Scientific Library 03/11/2017   PIII/1067 FL0465387 03/11/2017 03/11/2017 Գրքեր / Books 30 Days Loan
    Universal Decimal Classification     General Fundamental Scientific Library Fundamental Scientific Library 03/11/2017   PIII/1066 FL0465386 03/11/2017 03/11/2017 Գրքեր / Books 30 Days Loan
    Universal Decimal Classification     General Fundamental Scientific Library Fundamental Scientific Library 30/07/2019   PII/11286 FL0595661 30/07/2019 30/07/2019 Գրքեր / Books 30 Days Loan
    Universal Decimal Classification     General Fundamental Scientific Library Fundamental Scientific Library 30/07/2019   PII/11285 FL0595662 30/07/2019 30/07/2019 Գրքեր / Books 30 Days Loan
    Universal Decimal Classification     General Fundamental Scientific Library Fundamental Scientific Library 30/07/2019   PII/11284 FL0595663 30/07/2019 30/07/2019 Գրքեր / Books 30 Days Loan
    Universal Decimal Classification     General Fundamental Scientific Library Fundamental Scientific Library 30/07/2019   PII/11283 FL0595664 30/07/2019 30/07/2019 Գրքեր / Books 30 Days Loan


ՀՀ ԳԱԱ հիմնարար գիտական գրադարան
ՀՀ,Երևան 0019
Մարշալ Բաղրամյան 24/6
հեռախոս:(374-10) 52-47-50
Հետադարձ կապ

All site content, except where otherwise noted, is licensed under a
Creative Commons License